| 000 | 00731cam a2200217 a 4500 | ||
|---|---|---|---|
| 001 | 000015074 | ||
| 005 | 20200929163939.0 | ||
| 008 | 831230s1949 sp 001 0 spa d | ||
| 035 | _a(OCoLC)10257687 | ||
| 040 |
_aDO-SdBNP _cAMobS _dDLC |
||
| 042 | _apremarc | ||
| 050 | 0 | 0 |
_aB785.S85 _bA39 |
| 082 |
_annn _bA354t |
||
| 100 | 1 |
_aAlcorta, José Ignacio, _d1910-1983 _934133 |
|
| 245 | 1 | 3 |
_aLa teoría de los modos en Suárez / _cJosé Ignacio Alcorta. |
| 260 |
_aMadrid : _bConsejo Superior de Investigaciones Científicas, Instituto "Luis Vives," de Filosofía, _c1949. |
||
| 300 |
_a335 p. ; _c24 cm. |
||
| 600 | 1 | 0 |
_aSuarez, Francisco, _d1548-1617. _934134 |
| 650 | 0 |
_aOntology. _934135 |
|
| 910 | _aCatalogación por copia / LC | ||
| 999 |
_c14646 _d14646 |
||